Statistics for Lowest Life Expectancy Countries With Exceptions

Click here to take the quiz!

General Stats

  • This quiz has been taken 166 times
  • The average score is 13 of 21

Answer Stats

YearsCountry% Correct
51.30Afghanistan
85%
68.50India
85%
67.70Pakistan
80%
63.80Haiti
79%
64.30Laos
73%
64.50Cambodia
71%
66.60Myanmar
69%
70.10Bhutan
63%
65.50Yemen
63%
67.20Papua New Guinea
58%
67.10Nauru
55%
66.50Tuvalu
54%
68.10East Timor
53%
66.20Kiribati
52%
67.70Tajikistan
52%
70.10Turkmenistan
52%
69.60Mongolia
50%
69.20Bolivia
49%
69.20Philippines
49%
68.40Guyana
43%
68.70Belize
29%

Score Distribution

Percentile by Number Answered

Percent of People with Each Score

Your Score History

You have not taken this quiz